|
|
|
|
| LEADER |
00000ny a22000003n 4500 |
| 005 |
20110621104843.0 |
| 006 |
m u |
| 007 |
cr cn||||||||| |
| 008 |
050412s2005 dcua sb i001 0 eng |
| 010 |
|
|
|z 2005042650
|
| 020 |
|
|
|a 9780821361894
|
| 035 |
|
|
|a 2145
|
| 040 |
|
|
|a CaPaEBR
|c CaPaEBR
|d vlex
|
| 050 |
1 |
4 |
|a K3820
|b .A935 2005eb
|
| 082 |
0 |
4 |
|a 340/.11
|2 22
|
| 090 |
|
|
|c 1337
|d 1337
|
| 100 |
1 |
|
|a Anderson, James H.
|q (James Horton),
|d 1964-
|
| 245 |
1 |
0 |
|a Judicial systems in transition economies
|h [Recurso electrn̤ico]
|b assessing the past, looking to the future /
|c James Anderson, David S. Bernstein, Cheryl W. Gray
|
| 256 |
|
|
|a Servicio en ln̕ea
|
| 260 |
|
|
|a Washington, D.C. :
|b World Bank,
|c c2005
|
| 300 |
|
|
|a xvii, 110 p. :
|b ill. ;
|c 24 cm
|
| 504 |
|
|
|a Includes bibliographical references (p. 101-105) and index
|
| 506 |
1 |
|
|a Contenido solo disponible en los productos indicados
|d vLex Global
|d vLex Global (Academic Edition, excluding Law Schools)
|d vLex Global (U.S. Academic Edition, Law Schools)
|d vLex Global (U.S. Academic Edition, excluding Law Schools)
|d vLex Global (Academic Edition, Law Schools)
|
| 650 |
0 |
4 |
|a Derecho
|x Reforma
|x Aspectos econm̤icos
|
| 700 |
1 |
|
|a Bernstein, David S.,
|d 1963-
|
| 700 |
1 |
|
|a Gray, Cheryl Williamson,
|d 1954-
|
| 740 |
0 |
|
|a vLex Libros (Servicios en ln̕ea)
|
| 856 |
4 |
0 |
|u http://vlex.com/source/2145
|z Acceso restringido
|
| 942 |
|
|
|c BOOK
|